000
00237nam a2200097Ia 4500
001
853396
005
20250826174532.0
008
250824s9999 xx 000 0 und d
245
0
_a
BAMBAŞKA
_c
KAHRAMAN TAZEOĞLU
260
_b
DESTEK YAYINLARI
999
_c
853396
_d
853396